<?xml version="1.0" encoding="UTF-8"?>
<record
    xmlns:xsi="http://www.w3.org/2001/XMLSchema-instance"
    xsi:schemaLocation="http://www.loc.gov/MARC21/slim http://www.loc.gov/standards/marcxml/schema/MARC21slim.xsd"
    xmlns="http://www.loc.gov/MARC21/slim">

  <leader>00554nam a22001697a 4500</leader>
  <controlfield tag="008">200123b        xxu||||| |||| 00| 0 eng d</controlfield>
  <datafield tag="020" ind1=" " ind2=" ">
    <subfield code="a">9789937100168</subfield>
  </datafield>
  <datafield tag="041" ind1=" " ind2=" ">
    <subfield code="a">Nep.</subfield>
  </datafield>
  <datafield tag="082" ind1=" " ind2=" ">
    <subfield code="a">N895.51209/M642s</subfield>
  </datafield>
  <datafield tag="100" ind1=" " ind2=" ">
    <subfield code="a">Malla, Ashesh</subfield>
  </datafield>
  <datafield tag="241" ind1=" " ind2=" ">
    <subfield code="a">Sadak natak : siddhanta sirjana ra prastuti</subfield>
  </datafield>
  <datafield tag="245" ind1=" " ind2=" ">
    <subfield code="a">&#x938;&#x921;&#x915; &#x928;&#x93E;&#x91F;&#x915;&#x903;</subfield>
    <subfield code="b">&#x938;&#x93F;&#x926;&#x94D;&#x927;&#x93E;&#x928;&#x94D;&#x924;, &#x938;&#x93F;&#x930;&#x94D;&#x91C;&#x928;&#x93E; &#x930; &#x92A;&#x94D;&#x930;&#x938;&#x94D;&#x924;&#x941;&#x924;&#x93F;</subfield>
  </datafield>
  <datafield tag="260" ind1=" " ind2=" ">
    <subfield code="a">Kathmandu:</subfield>
    <subfield code="b">Ekata Books,</subfield>
    <subfield code="c">2066BS.</subfield>
  </datafield>
  <datafield tag="300" ind1=" " ind2=" ">
    <subfield code="a">184p.</subfield>
  </datafield>
  <datafield tag="650" ind1=" " ind2=" ">
    <subfield code="a">Nepali natak history- criticism</subfield>
  </datafield>
  <datafield tag="942" ind1=" " ind2=" ">
    <subfield code="2">ddc</subfield>
    <subfield code="c">ISBN</subfield>
  </datafield>
  <datafield tag="999" ind1=" " ind2=" ">
    <subfield code="c">91143</subfield>
    <subfield code="d">91132</subfield>
  </datafield>
  <datafield tag="952" ind1=" " ind2=" ">
    <subfield code="0">0</subfield>
    <subfield code="1">0</subfield>
    <subfield code="2">ddc</subfield>
    <subfield code="4">0</subfield>
    <subfield code="7">0</subfield>
    <subfield code="a">TUCL</subfield>
    <subfield code="b">TUCL</subfield>
    <subfield code="d">2020-01-23</subfield>
    <subfield code="l">0</subfield>
    <subfield code="o">N895.51209/M642s</subfield>
    <subfield code="p">IS7669</subfield>
    <subfield code="r">2020-01-23 00:00:00</subfield>
    <subfield code="w">2020-01-23</subfield>
    <subfield code="y">ISBN</subfield>
  </datafield>
  <datafield tag="952" ind1=" " ind2=" ">
    <subfield code="0">0</subfield>
    <subfield code="1">0</subfield>
    <subfield code="2">ddc</subfield>
    <subfield code="4">0</subfield>
    <subfield code="7">0</subfield>
    <subfield code="a">TUCL</subfield>
    <subfield code="b">TUCL</subfield>
    <subfield code="d">2020-02-24</subfield>
    <subfield code="l">0</subfield>
    <subfield code="o">N895.51209/M642s</subfield>
    <subfield code="p">IS7670</subfield>
    <subfield code="r">2020-02-24 00:00:00</subfield>
    <subfield code="w">2020-02-24</subfield>
    <subfield code="y">ISBN</subfield>
  </datafield>
  <datafield tag="952" ind1=" " ind2=" ">
    <subfield code="0">0</subfield>
    <subfield code="1">0</subfield>
    <subfield code="2">ddc</subfield>
    <subfield code="4">0</subfield>
    <subfield code="7">0</subfield>
    <subfield code="a">TUCL</subfield>
    <subfield code="b">TUCL</subfield>
    <subfield code="d">2020-12-20</subfield>
    <subfield code="l">0</subfield>
    <subfield code="o">N895.51209/M642s</subfield>
    <subfield code="p">IS8386</subfield>
    <subfield code="r">2020-12-20 00:00:00</subfield>
    <subfield code="w">2020-12-20</subfield>
    <subfield code="y">ISBN</subfield>
  </datafield>
</record>
